000 00337nam a2200145Ia 4500
008 150201s2015 xx 000 0 und d
082 _a610.6
_bN15H
100 _aHARRIS, N.
245 _aNURING SERVICES & ADMINISTRATION
250 _a1ST
260 _bAITBS
_aDELHI
_c2015
300 _a445
650 _aNURSING
942 _2ddc
_cBK
_041
999 _c2272
_d2272